Visual methods for digital research : (Record no. 126858)

MARC details
000 -LEADER
campo de control de longitud fija 02325nam a22002537a 4500
003 - IDENTIFICADOR DE NÚMERO DE CONTROL
campo de control BJBSDDR
005 - FECHA Y HORA DE LA ÚLTIMA TRANSACCIÓN
campo de control 20260421093440.0
007 - CAMPO FIJO DE DESCRIPCIÓN FÍSICA--INFORMACIÓN GENERAL
campo de control de longitud fija ta
008 - DATOS DE LONGITUD FIJA--INFORMACIÓN GENERAL
campo de control de longitud fija 260421s2024 enk||||| |||| 00| 0 eng d
020 ## - NÚMERO INTERNACIONAL ESTÁNDAR DEL LIBRO
Número Internacional Estándar del Libro 9781509542550
020 ## - NÚMERO INTERNACIONAL ESTÁNDAR DEL LIBRO
Número Internacional Estándar del Libro 9781509542543
040 ## - FUENTE DE CATALOGACIÓN
Lengua de catalogación spa
Centro/agencia transcriptor BJBSDDR
041 ## - CÓDIGO DE IDIOMA
Código de lengua del texto/banda sonora o título independiente eng
050 ## - SIGNATURA TOPOGRÁFICA DE LA BIBLIOTECA DEL CONGRESO
Número de ítem N666 2024
100 1# - ENTRADA PRINCIPAL--NOMBRE DE PERSONA
Nombre de persona Niederer, Sabine
9 (RLIN) 48023
245 ## - MENCIÓN DEL TÍTULO
Título Visual methods for digital research :
Resto del título an introduction /
Mención de responsabilidad, etc. Sabine Niederer, Gabriele Colombo
260 ## - PUBLICACIÓN, DISTRIBUCIÓN, ETC.
Lugar de publicación, distribución, etc. UK, Reino Unido :
Nombre del editor, distribuidor, etc. Polity, Cambridge,
Fecha de publicación, distribución, etc. 2024
300 ## - DESCRIPCIÓN FÍSICA
Extensión xxiii, 175 pages :
Otras características físicas illustrations ;
Dimensiones 22 cm
505 ## - NOTA DE CONTENIDO CON FORMATO
Nota de contenido con formato <br/>1. Research with Images: An Introduction<br/>2. Distant Images: Reading Large Collections<br/>3. Networked Images: Platform Image Analysis<br/>4. Critical Images: Exposing Inequalities with Visual Research<br/>5. Participatory Images: Talking Back to Maps<br/>6. Machine Images: Generative Visual AI for Research<br/>Conclusion: Considering Visual Methods for Digital Research
520 ## - RESUMEN, ETC.
Sumario, etc. Over the last decade, images have become a key feature of digital culture; at the same time, they have made a mark on a wide range of research practices. Visual Methods of Digital Research is the first textbook to bring the fields of visual methods and digital research together. Presenting visual methods for digital and participatory research, the book covers both the application of existing digital methods for image research, and new visual methodologies developed specifically for digital research. It encompasses various approaches to studying digital images, including the distant reading of image collections, the close reading of visual vernaculars of social media platforms, and participatory research with visual materials. Offering a theoretical framework illustrated with hands-on techniques, Sabine Niederer and Gabriele Colombo provide compelling examples for studying online images through visual and digital means, and discuss critical data practices such as data feminism and digital methods for social and cultural research. This textbook is an accessible and invaluable guide for students and researchers of digital humanities, social sciences, information and communication design, critical data visualization and digital visual culture.
700 1# - ENTRADA AGREGADA--NOMBRE PERSONAL
Nombre de persona Colombo, Gabriele
9 (RLIN) 48024
942 ## - ELEMENTOS DE ENTRADA SECUNDARIOS (KOHA)
Fuente del sistema de clasificación o colocación Clasificación de Library of Congress
Suprimir en OPAC No
Tipo de ítem Koha Libro
946 ## - PROCESAMIENTO DE INFORMACIÓN LOCAL (OCLC)
Iniciales del agente catalogador cmc
Holdings
Estatus retirado Estado de pérdida Fuente del sistema de clasificación o colocación Estado de daño No para préstamo Colección Biblioteca de origen Biblioteca actual Ubicación en estantería Fecha de adquisición Signatura topográfica completa Código de barras Visto por última vez Copia número Tipo de ítem Koha
    Clasificación de Library of Congress     Automatización y Procesos Técnicos Biblioteca Juan Bosch Biblioteca Juan Bosch Automatización y Procesos Técnicos (1er. Piso) 21/04/2026 N666 2024 00000198974 21/04/2026 1 Libro